00721nam a22001937a 4500003000900000008004100009020001800050040007100068082001800139100002200157245003700179260003000216300002600246440003700272505014800309650002200457650002400479650002400503AR-CdUCM190312b ||||| |||| 00| 0 spa d a968-16-1712-6 aMUNICIPALIDAD PROVINCIAL DEL CUSCOcBIBLIOTECA MUNICIPAL DEL CUSCO a082.974 /bLM aPacheco, José A aFin de siglo :bY otros poemas / aMexico :bOlimpia,c1984. a136 paginas ;c21 cm. aFondo de cultura económican44 aContenido : De los elementos de la noche -- De el reposos del fuego -- De no me preguntes como pasa el tiempo -- Homenaje a la cursilería ... aPoesía mexicana aLiteratura mexicana aLiteratura siglo XX